01608nam a2200289 a 4500001001500000005001700015008004100032020003500073020003000108040000600138050001000144082001100154100002600165245005300191260004700244300002100291520080400312650001401116650001101130650001301141650001501154650001601169650001601185650001701201650001801218856008201236ASIN158826775X20170105102910.0131025s2011 xxu eng d a158826775X (paperback)c$27.50 a9781588267757 (paperback) a004aJC49104a303.641 aInwegen, Patrick Van.10aUnderstanding revolution /cPatrick Van Inwegen. a[S.l.] :bLynne Rienner Publishers,c2011. a270 p. ;c23 cm. aUnderstanding Revolution concisely, but thoroughly, explains one of the most fundamental sources of political change in the modern world. Designed to be accessible to undergraduate students, the book systematically explores such questions as: What should be defined as a revolution? Is there a typical pattern to the course of a revolution? What are the roles of ideologies, structures (e.g., the state, class structures, the international system), and individuals in shaping evolutions? What causes groups to mobilize behind revolutionary leaders? What happens after a revolutionary group assumes power, or fails? The discussion highlights points of agreement and debate within the social science literature, and brief case studies of revolutions and revolutionary movements bring concepts to life. 0aCommunism 0aFrance 0aIdeology 0aLiberalism 0aNationalism 0aRevolutions 0aSouth Africa 0aUnited States403Amazon.comuhttp://www.amazon.com/exec/obidos/ASIN/158826775X/chopaconline-20